| 000 | 00635cam a2200193 4500 | ||
|---|---|---|---|
| 001 | D6168 | ||
| 008 | 090401t1984 xxu||||| |||| 00| 0 eng d | ||
| 035 | _a(Sirsi) u88380 | ||
| 041 | _aeng | ||
| 050 | _a692.9 | ||
| 110 |
_aJoint Contracts Tribunal _93664 |
||
| 245 | _aJCT intermediate form of building contract IFC 84: form of tender and agreement for a person to be named by the employer as a sub-contractor...(NAM/T) | ||
| 260 |
_aLondon _bRIBA Publications for JCT _c1984 |
||
| 300 | _a15p. 30cm | ||
| 350 | _a0 | ||
| 520 | _aFiled in box JCT 1984/7A - Archives, B - Reference, C - Loan | ||
| 942 | _n0 | ||
| 948 | _c04/03/1997 | ||
| 999 |
_c97340 _d97340 |
||